000 00936nam a2200253Ia 4500
003 OSt
005 20221005103205.0
006 a|||||r|||| 00| 0
007 ta
008 221004b |||||||| |||| 00| 0 hin d
020 _a8189187007 (hbk)
_c300
024 _a86675
037 _b156, 28/03/2007, Swaraj Book Distributor
_cTextual
040 _aCRL
_cCRL
_bhin
041 _2hin
_ahin
082 _aO152,3N15:g, P4
100 _aकुचेकर, भारत
245 0 _aभीष्म साहनी
_b व्यक्तित्व एवं कृतित्व
246 _aBhīṣhma sāhanī: vyaktitva evan kṛutitva
260 _aकानपुर
_bविनय प्रकाशन भारत
_c2004
300 _a216पृ0
_ccm.
942 _hO152,3N15:g, P4
_cTEXL
_2cc
999 _c1009604
_d1009604